=LDR 00000nam 2200000 4500 =001 INLIS000000000019954 =990 ##$$a 21303404 =005 20211129020623 =990 ##$$a 20610501 =035 ##$$a 0010-061300000019954 =990 ##$$a 20610500 =008 211129################g##########0#ind## =990 ##$$a 3202103272 =041 ##$$a Ind =082 ##$$a 341.5 =090 ##$$a 341.3, Ado h =100 ##$$a Adolf, Huala =245 1#$$a Hukum penyelesaian sengketa internasional /$c Huala Adolf, SH.,LL.M.,Ph.D. =260 ##$$a Jakarta :$b Sinar Grafika,$c 2004 =300 ##$$a ix, 202 hlm, ; $c 23 x 16 cm. =650 #4$$a Persengketaan Internasional-Hukum =850 ##$$a NBPNMAT =020 ##$$a 979-3421-75-4 =084 ##$$a 341.5 Ado h =990 ##$$a 21303404 =990 ##$$a 20610501 =990 ##$$a 20610500 =990 ##$$a 3202103272